1970's Movies by Hint - Statistics

General Stats
  • This quiz has been taken 860 times
  • The average score is 10 of 15
Answer Stats
Hint Year Movie % Correct
Han Solo, Alec Guinnes, Stormtroopers 1977 Star Wars
97%
Boxing, "Yo Adrien!", Carl Weathers 1976 Rocky
94%
Dun Dun..., Steven's First Film, Shark 1975 Jaws
93%
Marlon Brando, Gangster, Making an Offer They Can't Refuse 1972 The Godfather
89%
Sigourney Weaver, V.S. Predator, Prometheus 1979 Alien
87%
Christopher Robin, Tigger, Disney 1977 The Many Adventures of Winnie the Pooh
84%
Feeling Lucky?, Clint Eastwood, Cop 1971 Dirty Harry
83%
Mel Gibson, Australia, Beyond Thunderdome 1979 Mad Max
78%
Candy, Charlie Buckets, Roald Dahl 1971 Willy Wonka and the Chocolate Factory
67%
Martin Scorsese, Gangster, Driving 1976 Taxi Driver
62%
1950's, Harrison Ford, George's First Film 1973 American Graffiti
55%
Mashed Potatoes, Aliens, Mountain 1977 Close Encounters of the Third Kind
53%
Richard Donnor, Flying, Gene Hackman 1978 Superman
38%
Bob Newhart, Disney, Rescue Aid Society 1977 The Rescuers
33%
Cop Car, Cursing, Cowboy Hat 1977 Smokey and the Bandit
31%
No matching quizzes found
Score Distribution
Percent of People with Each Score
Percentile by Number Answered
Your Score History
You have not taken this quiz